|
|
|
|
| LEADER |
01812nam a2200433 a 4500 |
| 001 |
EBC797982 |
| 003 |
MiAaPQ |
| 005 |
20200520144314.0 |
| 006 |
m o d | |
| 007 |
cr cn||||||||| |
| 008 |
110512s2011 gw ad sb 001 0 eng d |
| 010 |
|
|
|z 2011017046
|
| 020 |
|
|
|z 9783110236095 (alk. paper)
|
| 020 |
|
|
|a 9783110236101 (electronic bk.)
|
| 035 |
|
|
|a (MiAaPQ)EBC797982
|
| 035 |
|
|
|a (Au-PeEL)EBL797982
|
| 035 |
|
|
|a (CaPaEBR)ebr10486460
|
| 035 |
|
|
|a (CaONFJC)MIL316561
|
| 035 |
|
|
|a (OCoLC)753868070
|
| 040 |
|
|
|a MiAaPQ
|c MiAaPQ
|d MiAaPQ
|
| 050 |
|
4 |
|a HC79.I55
|b L56 2011
|
| 082 |
0 |
4 |
|a 658.8/72
|2 23
|
| 100 |
1 |
|
|a Linde, Frank.
|
| 245 |
1 |
0 |
|a Information markets
|h [electronic resource] :
|b a strategic guideline for the i-commerce /
|c Frank Linde, Wolfgang G. Stock.
|
| 260 |
|
|
|a Berlin :
|b De Gruyter Saur,
|c c2011.
|
| 300 |
|
|
|a xxi, 617 p. :
|b ill.
|
| 490 |
1 |
|
|a Knowledge & information,
|x 1868-842X
|
| 504 |
|
|
|a Includes bibliographical references and indexes.
|
| 505 |
0 |
|
|a pt. A. Propedeutics of dealing with the information market -- pt. B. Information society -- pt. C. Digital information goods -- pt. D. Competitive strategies of information providers -- pt. E. The 'illegal' information market : piracy.
|
| 533 |
|
|
|a Electronic reproduction. Ann Arbor, MI : ProQuest, 2015. Available via World Wide Web. Access may be limited to ProQuest affiliated libraries.
|
| 650 |
|
0 |
|a Information technology
|x Management.
|
| 650 |
|
0 |
|a Knowledge management.
|
| 650 |
|
0 |
|a Electronic information resources.
|
| 650 |
|
0 |
|a Information services.
|
| 655 |
|
4 |
|a Electronic books.
|
| 700 |
1 |
|
|a Stock, Wolfgang G.
|
| 710 |
2 |
|
|a ProQuest (Firm)
|
| 830 |
|
0 |
|a Knowledge & information.
|
| 856 |
4 |
0 |
|u https://ebookcentral.proquest.com/lib/matrademy/detail.action?docID=797982
|z Click to View
|